01370nab a2200241 i 4500003000900000005001700009007000300026008004100029040003000070041000800100100004100108245006600149300005400215336002700269337003400296338002800330520049600358650006700854710006500921773011000986942001501096999001701111DO-SdBNP20260514112905.0ta260514b2010 dr qn|p| ||||||0| 0 spa d aDO-SdBNPbspacBNPHUerda aspa aCochon Aranda, Manuel989562edoctor aLa Hidradenitis : bconocido popularmente como "Golondrinos". a30-31, páginas :bIlustraciones, fotografías. atextobtxt2rdacontent asin mediación bn2rdamedia avolumenbnc2rdacarrier aUno de los problemas de salud que aún subsisten entre los dominicanos y entorno al cual se han generado muchas interrogantes y creencias populares es la Hidradenitis, conocida popularmente como “Golondrinos”. Se trata de un proceso inflamatorio que se origina en las glándulas sudoríparas apócrifas, localizadas en diferentes áreas específicas, como las axilas, glúteos, pubis, etc. Las zonas más frecuentemente afectadas o conocidas son las axilas (hidradenitis axilar). 0aDermatologíavPublicaciones periódicas987499xGolondrinos aHospital General Regional Dr. Marcelino Velez Santana9895600 0607429337874aHospital General Regional Dr. Marcelino Velez Santanao2026-4037tSalud modernax1811-508x 2ddccISSUE c60743d60743